书目信息 |
| 题名: |
现代手风琴技巧
|
|
| 作者: | 加维安尼 著 ;俞人悦 译 | |
| 分册: | ||
| 出版信息: | 北京 人民音乐出版社 1985.5 |
|
| 页数: | 134页 | |
| 开本: | 8 | |
| 丛书名: | ||
| 单 册: | ||
| 中图分类: | J624.3 | |
| 科图分类: | ||
| 主题词: | 器乐--理论 , 器乐--奏法 , 器乐--演奏 | |
| 电子资源: | ||
| ISBN: | 7-103-00759-4 | |
| 000 | 00640nam0 2200229 45 | |
| 001 | 0312221749 | |
| 005 | 20040513144856.5 | |
| 010 | @a7-103-00759-4@dCNY7.00 | |
| 100 | @a20031222d1985 km y0chiy0120 ea | |
| 101 | @achi | |
| 105 | @a z 000yy | |
| 200 | 1 | @a现代手风琴技巧@AXian Dai Shou Feng Qin Ji Qiao@f(美)加维安尼著@F(Mei)Jia Wei An Ni Zhu@g俞人悦译 |
| 210 | @a北京@c人民音乐出版社@d1985.5 | |
| 215 | @a134页@d8 | |
| 606 | 0 | @a器乐@x理论 |
| 606 | 0 | @a器乐@x奏法 |
| 606 | 0 | @a器乐@x演奏 |
| 690 | @aJ624.3@v3 | |
| 701 | 0 | @a加维安尼@4著 |
| 702 | 0 | @a俞人悦@4译 |
| 801 | @aCN@bTSTCL@c20031222 | |
| 905 | @dJ624.3@e32@f1@b258019 | |
| 现代手风琴技巧/(美)加维安尼著/俞人悦译.-北京:人民音乐出版社,1985.5 |
| 134页;8 |
| ISBN 7-103-00759-4:CNY7.00 |
| ● |
| 相关链接 |
|
|
|
|
正题名:现代手风琴技巧
索取号:J624.3/32
 
预约/预借
| 序号 | 登录号 | 条形码 | 馆藏地/架位号 | 状态 | 备注 |
| 1 | 0258019 | 001228424 | 第一样本阅览室/ [索取号:J624.3/32] | 在馆 | |
| 2 | 0258020 | 001228950 | 第一借阅区/ [索取号:J624.3/32] | 在馆 | |
| 3 | 0258021 | 001228415 | 第一借阅区/ [索取号:J624.3/32] | 在馆 |